| 000 | 00498nam a2200145 a 4500 | ||
|---|---|---|---|
| 001 | 000028480 | ||
| 005 | 20200930054951.0 | ||
| 008 | 110408s2006 dr 000 0 spa d | ||
| 040 |
_aDO-SdBNP _bspa _cBNPHU |
||
| 082 |
_axxxx _bA627l |
||
| 245 | 0 | 0 | _aAnteproyecto de ley sobre los símbolos patrios de la República Dominicana. |
| 260 |
_aSanto Domingo : _bComisión de Apoyo a la Reforma y Modernización de la Justicia : _bInstituto Duartiano, _c2006. |
||
| 300 |
_a24 p. ; _c22 cm. |
||
| 049 | _aBNPD | ||
| 999 |
_c27972 _d27972 |
||